| 000 | 01427nam a2200253 a 4500 | ||
|---|---|---|---|
| 001 | 83068 | ||
| 003 | BD-RjUL | ||
| 005 | 20240212153423.0 | ||
| 008 | 240212s1994 bg a|||| m||| 00| 0 ben d | ||
| 035 | _a(BD-RjUL)83068 | ||
| 040 |
_aBD-RjUL _bben / eng _cBD-RjUL _dBD-RjUL |
||
| 041 | _aben | ||
| 082 |
_223 _a955 _b1994 |
||
| 100 |
_aউজ্জামান, মো. ফায়েক _911692 |
||
| 245 | 1 | 0 |
_aইরান-ইরাক সীমানা বিরোধ : _bএকটি সমীক্ষা / _cগবেষণা তত্ত্বাবধায়ক : মু. আলী আসগর খান |
| 260 |
_aরাজশাহী : _bইসলামের ইতিহাস ও সংস্কৃতি বিভাগ, রাজশাহী বিশ্ববিদ্যালয়, _c১৯৯৪ |
||
| 300 |
_a[বার], ২১৭ পাতা : _bচিত্র ; _c২৯ সেমি. |
||
| 502 | _aথিসিস (এম. ফিল.) -- ইসলামের ইতিহাস ও সংস্কৃতি বিভাগ, রাজশাহী বিশ্ববিদ্যালয়, ১৯৯৪ | ||
| 504 | _aগ্রন্থপঞ্জী : পাতা [১৬৬],-১৭৭ | ||
| 650 |
_aইরান _911693 |
||
| 650 | _aIran | ||
| 700 |
_aখান, মু. আলী আসগর, গবেষণা তত্ত্বাবধায়ক _911694 |
||
| 942 |
_2ddc _cTHE |
||
| 999 |
_c83068 _d83068 |
||